Výnosy a ich zobrazenie v účtovníctve rozpočtových organizácií
Definovanie výnosu podľa zákona o účtovnícve č. 431/2002 Z.z. Zásady a podstata účtovania výnosov na účtoch ÚT 6 - Výnosy. Praktický príklad.
Salvato in:
| Autore principale: | |
|---|---|
| Natura: | Capitolo di libro |
| Lingua: | slovacco |
| Soggetti: | |
| Tags: |
Nessun Tag, puoi essere il primo ad aggiungerne!!
|
MARC
| LEADER | 00000naa$a2200000$$$4500 | ||
|---|---|---|---|
| 001 | 0103654 | ||
| 005 | 20240502072128.9 | ||
| 041 | 0 | |a slo | |
| 044 | |a SK | ||
| 245 | 1 | 0 | |a Výnosy a ich zobrazenie v účtovníctve rozpočtových organizácií |c Antónia Kovalčíková |
| 520 | |a Definovanie výnosu podľa zákona o účtovnícve č. 431/2002 Z.z. Zásady a podstata účtovania výnosov na účtoch ÚT 6 - Výnosy. Praktický príklad. | ||
| 610 | 2 | 0 | |a prípady účtovné |
| 610 | 2 | 0 | |a jednotka účtovná |
| 610 | 2 | 0 | |a výnosy |
| 610 | 2 | 0 | |a organizácie rozpočtové |
| 610 | 2 | 0 | |a účtovanie |
| 100 | 1 | |a Kovalčíková, Antónia | |